Đội công tác xã hội lưu động ở Khánh Hòa : Một mô hình cần được nhân rộng /

Đã lưu trong:
Sonraí Bibleagrafaíochta
Príomhúdar: Đức Hạnh.
Formáid: Bài viết
Teanga:Vietnamese
Ábhair:
Clibeanna: Cuir Clib Leis
Gan Chlibeanna, Bí ar an gcéad duine leis an taifead seo a chlibeáil!
Thư viện lưu trữ: Thư viện Trường Đại học Đà Lạt
LEADER 00856nam a2200277 4500
001 DLU100106193
005 ##20100413
040 # # |a DLU  |b vie 
041 # # |a vie 
044 # # |a vn 
100 # # |a Đức Hạnh. 
245 # # |a Đội công tác xã hội lưu động ở Khánh Hòa :  |b Một mô hình cần được nhân rộng /  |c Đức Hạnh. 
653 # # |a Bảo trợ xã hội 
653 # # |a Chuyên nghiệp 
653 # # |a Trật tự trị an 
653 # # |a Trẻ lang thang 
773 # # |t Tạp chí lao động và xã hội  |g Số1-2(327-328), 2008, tr. 77-78 
920 # # |a Phòng Tạp chí -- Trung tâm Thông tin - Thư viện Trường Đại học Đà Lạt 
994 # # |a DLU 
900 # # |a True 
911 # # |a Nguyễn Thị Linh Chi 
925 # # |a G 
926 # # |a A 
927 # # |a BB 
980 # # |a Thư viện Trường Đại học Đà Lạt